| 000 | 00585nam a2200217Ia 4500 | ||
|---|---|---|---|
| 003 | OSt | ||
| 005 | 20250605124645.0 | ||
| 008 | 210210b1987 xxu||||| |||| 00| 0 eng d | ||
| 040 | _cAL | ||
| 041 | _aKannada | ||
| 082 | _aK894.3 VEDP | ||
| 100 |
_aVEDULA SHAKUNTALA _dವೇದುಲ ಶಕುಂತಲಾ _9212953 |
||
| 245 |
_aPallavi _bಪಲ್ಲವಿ |
||
| 260 |
_aBengaluru _bSneha Sahitya _c1987 |
||
| 300 | _a168 | ||
| 650 |
_aVamshi _9212954 |
||
| 690 |
_aKannada Fiction _9212955 |
||
| 700 |
_aVamshi _dವಂಶಿ tr _9212956 |
||
| 906 | _a040198 | ||
| 942 |
_2ddc _cBK |
||
| 999 |
_c90295 _d90295 |
||